Southville International School and Colleges
Your cart is empty.
  • Cart
  • Lists
    Public lists Eva Luna New books Lux_list list_1
    Your lists Log in to create your own lists
  • Log in to your account
  • Your cookies
  • Search history
Southville International School and Colleges
  • Advanced search
  • Recent comments
  • Most popular
  • Libraries

Log in to your account

Log in with GOOGLE


If you do not have an external account, but do have a local account, you can still log in:

  1. Home
  2. MARC view: Environment and health /
Normal view MARC view ISBD view

Environment and health / (Record no. 9326)

[ view plain ]
MARC details
000 -LEADER
fixed length control field 00689nam a2200241 i 4500
001 - CONTROL NUMBER
control field 2283299
003 - CONTROL NUMBER IDENTIFIER
control field SISC
005 - DATE AND TIME OF LATEST TRANSACTION
control field 20160215133433.0
008 - FIXED-LENGTH DATA ELEMENTS--GENERAL INFORMATION
fixed length control field 800821s1980 miua b 001 0 eng
010 ## - LIBRARY OF CONGRESS CONTROL NUMBER
LC control number 79088921
020 ## - INTERNATIONAL STANDARD BOOK NUMBER
International Standard Book Number 0250402750
040 ## - CATALOGING SOURCE
Original cataloging agency DLC
Transcribing agency DLC
Modifying agency DLC
050 00 - LIBRARY OF CONGRESS CALL NUMBER
Classification number RA 565
Item number .En47 1980
082 00 - DEWEY DECIMAL CLASSIFICATION NUMBER
Classification number HS 928
Item number E89 1980
245 00 - TITLE STATEMENT
Title Environment and health /
Statement of responsibility, etc Norman M. Trieff, editor.
260 ## - PUBLICATION, DISTRIBUTION, ETC. (IMPRINT)
Place of publication, distribution, etc Ann Arbor, Mich. :
Name of publisher, distributor, etc Ann Arbor Science,
Date of publication, distribution, etc c1980.
300 ## - PHYSICAL DESCRIPTION
Extent 652 p. :
Other physical details ill. ;
Dimensions 23.5 cm.
650 #0 - SUBJECT ADDED ENTRY--TOPICAL TERM
Topical term or geographic name as entry element Environmental health.
9 (RLIN) 13232
700 1# - ADDED ENTRY--PERSONAL NAME
Personal name Trieff, Norman M.
9 (RLIN) 13233
906 ## - LOCAL DATA ELEMENT F, LDF (RLIN)
a 7
b cbc
c orignew
d 2
e opcn
f 19
g y-gencatlg
942 ## - ADDED ENTRY ELEMENTS (KOHA)
Source of classification or shelving scheme Library of Congress Classification
Koha item type Books
Holdings
Withdrawn status Lost status Source of classification or shelving scheme Damaged status Home library Current library Shelving location Date acquired Total Checkouts Full call number Barcode Date last seen Copy number Price effective from Koha item type
    Library of Congress Classification   Luxembourg Library Luxembourg Library High School Section 08/24/2013   RA 565 .En47 1980 2472 02/16/2016 1 08/24/2013 Books

Environment and health /

APA

Trieff N. M., . (1980). Environment and health. Ann Arbor, Mich: Ann Arbor Science.

Chicago

Trieff Norman M, . 1980. Environment and health. Ann Arbor, Mich: Ann Arbor Science.

Harvard

Trieff N. M., . (1980). Environment and health. Ann Arbor, Mich: Ann Arbor Science.

MLA

Trieff Norman M, . Environment and health. Ann Arbor, Mich: Ann Arbor Science. 1980.

  • Place hold
  • Print
  • Cite
  • Add to your cart (remove)
  • Save record
    BIBTEX Dublin Core MARCXML MARC (non-Unicode/MARC-8) MARC (Unicode/UTF-8) MARC (Unicode/UTF-8, Standard) MODS (XML) RIS
  • More searches
    Search for this title in:
    Other Libraries (WorldCat) Other Databases (Google Scholar) Online Stores (Bookfinder.com) Open Library (openlibrary.org)

Exporting to Dublin Core...

SOUTHVILLE LIBRARY

Southville International School and Colleges Library

1281 Tropical Ave. Cor. Luxembourg St., BF Homes International, Las Pinas City

Tel. No. 8256374 / 252358 Loc. 117/146

Powered by Koha